| 000 | 00460nam a2200181Ia 4500 | ||
|---|---|---|---|
| 008 | 210210b2002 xxu||||| |||| 00| 0 eng d | ||
| 020 | _a0 7167 4684 0 | ||
| 082 | _a574.192 BERB | ||
| 100 | _aBERG (Jeremy M) | ||
| 245 | _aBiochemistry. Ed 5. | ||
| 250 | _a | ||
| 260 |
_aNew York. _bW H Freeman and Company., _c2002 |
||
| 300 | _axxxviii,974,D34 | ||
| 650 | _aBiochemistry | ||
| 690 | _aBiochemistry | ||
| 700 | _aTYMOCZKO (John L) | ||
| 906 | _a059243 | ||
| 999 |
_c106258 _d106258 |
||